Efemerides bahienses /

Guardado en:
Formato: Libro
Publicado: Bahía Blanca : Comisión de Reafirmación Histórica, 1994
Materias:
Etiquetas: Agregar Etiqueta
Sin Etiquetas, Sea el primero en etiquetar este registro!
LEADER 00486nam a22001695a 4500
001 CEM.cems008668
005 20060214000000.0
008 130507s1994##################000#0#####d
003 CEMS
082 0 4 |a 528 
245 0 0 |a Efemerides bahienses / 
260 |a Bahía Blanca :  |b Comisión de Reafirmación Histórica,  |c 1994 
300 |a 76 p. 
653 |a Bahia blanca-historia 
653 |a Efemerides 
653 |a Efemerides bahienses 
859 |a CEMS  |b BIB. CEMS - 11 de abril  |h 528  |i C585  |p 18036.94  |t Ej.1